000 01614nam2a2200313 4500
001 RU\NLR\BIBL_A\012806743
005 20250624164251.0
010 _a978-5-907452-14-5
_9500
021 _aRU0322103367
035 _a(RuMoRGB)010979358
035 _a(NLR Aleph) 012806743
090 _a13200197
_c13200197
100 _a20220601d2021 |||y0rusy50 ca
101 0 _arus
102 _aRU
106 _as
135 _aaobgu||||||||
200 1 _aСтрахование
_fЕ. М. Кечайкина, Т. Е. Шилкина
210 _d2021
_aБ. м.
215 _a1 электрон. опт. диск (CD-ROM)
_cцв.
461 0 _1001RU\NLR\BIBL_A\012417501
_12001#$aПравоведение$bЭлектронный ресурс$eкурс лекций$eучебное пособие$eдля активизации познавательной деятельности студентов$fЕлена Михайловна Кечайкина$gСаранский кооперативный институт (филиал) АНОО ВО Центрсоюза РФ "Российский университет кооперации"$vЧ. 3
_1700#1$aКечайкина$bЕ. М.$gЕлена Михайловна
606 1 _aСтрахование
_jУчебные издания
_xПравовые вопросы
_yРоссийская Федерация
_92066030
_3RU\NLR\AUTH\661240575
686 0 _aХ623.212.1я7
701 1 _aШилкина
_bТ. Е.
_gТатьяна Евгеньевна
942 _cBOOK
980 _aNB